[Event "Novokuznetsk Old Stager op"]
[Site "Novokuznetsk"]
[Date "2015.02.15"]
[Round "9"]
[White "Avdeev, Alexandr Nov"]
[Black "Smotraeva, Valentina"]
[Result "1/2-1/2"]
[WhiteElo "1949"]
[BlackElo "1809"]
[PlyCount "60"]
[EventDate "2015.01.10"]
[EventType "swiss"]
[EventRounds "9"]
[EventCountry "RUS"]
[SourceTitle "EXT 2018"]
[Source "ChessBase"]
[SourceDate "2017.10.13"]
[SourceVersion "1"]
[SourceVersionDate "2017.10.13"]
[SourceQuality "1"]

1. e4 e6 2. d4 d5 3. Nc3 dxe4 4. Nxe4 Nd7 5. Bd3 Ngf6 6. Ng3 Bd6 7. Nf3 h6 8. Ne2 0-0 9. 0-0 Re8 10. c4 b6 11. Nc3 Bb7 12. Re1 a6 13. a3 c5 14. Bc2 cxd4 15. Nxd4 Qc7 16. g3 e5 17. Nf5 Bf8 18. Qe2 Rac8 19. b3 b5 20. Ne4 bxc4 21. bxc4 Nxe4 22. Bxe4 Bxe4 23. Qxe4 Nf6 24. Qh4 Qxc4 25. Nxh6+ gxh6 26. Qxf6 Bg7 27. Qf5 e4 28. Rb1 Rc6 29. Be3 Qe6 30. Qxe6 Rexe6 1/2-1/2

[Event "Novokuznetsk-ch (Women)"]
[Site "Novokuznetsk"]
[Date "2013.09.14"]
[Round "4"]
[White "Smotraeva, Valentina"]
[Black "Guliashvili, Liana"]
[Result "1/2-1/2"]
[WhiteElo "1839"]
[BlackElo "2008"]
[PlyCount "98"]
[EventDate "2013.09.01"]
[EventType "swiss"]
[EventRounds "7"]
[EventCountry "RUS"]
[SourceTitle "EXT 2022"]
[Source "ChessBase"]
[SourceDate "2021.10.06"]
[SourceVersion "1"]
[SourceVersionDate "2021.10.06"]
[SourceQuality "1"]

1. e4 e6 2. d4 d5 3. Nc3 dxe4 4. Nxe4 Nd7 5. Nf3 Ngf6 6. Bg5 Be7 7. Nxf6+ Nxf6 8. Ne5 0-0 9. Be2 c5 10. Be3 Nd5 11. 0-0 Nxe3 12. fxe3 Bg5 13. Qd3 cxd4 14. exd4 Bf6 15. Kh1 Bxe5 16. dxe5 Qxd3 17. Bxd3 Bd7 18. Be4 Bc6 19. Bxc6 bxc6 20. Rad1 Rfd8 21. Rd6 Rxd6 22. exd6 Rd8 23. Rd1 Kf8 24. c4 Ke8 25. c5 Rb8 26. b3 Rb5 27. Rc1 a5 28. Kg1 a4 29. Rc3 axb3 30. axb3 Ra5 31. Rc4 Ra1+ 32. Kf2 Ra2+ 33. Kf3 Rb2 34. Rb4 Rc2 35. Rb8+ Kd7 36. b4 Rc3+ 37. Ke4 Rc2 38. Rb7+ Ke8 39. Kf3 Rc3+ 40. Kg4 Rc4+ 41. Kh3 Rc3+ 42. g3 Rc4 43. Re7+ Kf8 44. Rc7 Ke8 45. Rxc6 Rxb4 46. Rc8+ Kd7 47. Rc7+ Kd8 48. c6 Rd4 49. Rd7+ Kc8 1/2-1/2

[Event "Novokuznetsk-ch"]
[Site "Novokuznetsk"]
[Date "2012.12.09"]
[Round "7"]
[White "Avdeev, Alexandr Nov"]
[Black "Smotraeva, Valentina"]
[Result "1/2-1/2"]
[WhiteElo "1997"]
[BlackElo "1832"]
[PlyCount "66"]
[EventDate "2012.11.18"]
[EventType "swiss"]
[EventRounds "9"]
[EventCountry "RUS"]
[SourceTitle "EXT 2014"]
[Source "ChessBase"]
[SourceDate "2013.11.20"]
[SourceVersion "1"]
[SourceVersionDate "2013.11.20"]
[SourceQuality "1"]

1. c4 e5 2. Nc3 Nf6 3. Nf3 Nc6 4. d4 exd4 5. Nxd4 Be7 6. Nf5 0-0 7. Nxe7+ Qxe7 8. Bg5 h6 9. Bh4 g5 10. Bg3 d6 11. e3 Bf5 12. Bd3 Bg6 13. 0-0 Ne5 14. Be2 Nc6 15. h4 Ne4 16. Nd5 Qd8 17. hxg5 Nxg3 18. Nf6+ Kg7 19. fxg3 hxg5 20. b4 Ne5 21. Qd4 Rh8 22. Rad1 a5 23. b5 b6 24. Bf3 Rb8 25. Bd5 Qe7 26. Rd2 Rhf8 27. Rdf2 Kh6 28. g4 Bd3 29. Rd1 Bg6 30. g3 Kg7 31. Be4 Rbd8 32. Rdf1 Qe6 33. Bd5 Qe7 1/2-1/2

[Event "Novokuznetsk Spring op"]
[Site "Novokuznetsk"]
[Date "2012.??.??"]
[Round "6"]
[White "Smotraeva, Valentina"]
[Black "Anokhin, Viktor T"]
[Result "1/2-1/2"]
[WhiteElo "1840"]
[BlackElo "2077"]
[PlyCount "27"]
[EventDate "2012.04.04"]
[EventType "swiss"]
[EventRounds "9"]
[EventCountry "RUS"]
[SourceTitle "CBM 148 Extra"]
[Source "ChessBase"]
[SourceDate "2012.06.22"]
[SourceVersion "1"]
[SourceVersionDate "2012.06.22"]
[SourceQuality "1"]

1. e4 e5 2. Nf3 Nc6 3. d4 exd4 4. Nxd4 Nxd4 5. Qxd4 Ne7 6. Be2 Nc6 7. Qc4 Be7 8. 0-0 0-0 9. Nc3 d6 10. Nd5 Be6 11. Nxe7+ Qxe7 12. Qc3 Rad8 13. Be3 Rfe8 14. Rfd1 1/2-1/2

[Event "Novokuznetsk op (Women)"]
[Site "Novokuznetsk"]
[Date "2011.??.??"]
[Round "7"]
[White "Lyashenko, Anna"]
[Black "Smotraeva, Valentina"]
[Result "1-0"]
[WhiteElo "2021"]
[BlackElo "1837"]
[PlyCount "93"]
[EventDate "2011.09.10"]
[EventType "swiss"]
[EventRounds "7"]
[EventCountry "RUS"]
[SourceTitle "CBM 144 Extra"]
[Source "ChessBase"]
[SourceDate "2011.10.28"]
[SourceVersion "1"]
[SourceVersionDate "2011.10.28"]
[SourceQuality "1"]

1. e4 Nc6 2. d4 e5 3. d5 Nce7 4. Bd3 Ng6 5. Nf3 Bc5 6. Be3 Qe7 7. 0-0 Nf6 8. Nbd2 Ng4 9. Bxc5 Qxc5 10. Nb3 Qe7 11. c4 b6 12. Rc1 d6 13. Nbd2 0-0 14. b4 Nf4 15. Bc2 a5 16. a3 Bd7 17. Rb1 g6 18. g3 Nh3+ 19. Kg2 Kg7 20. Qe2 Ng5 21. Ng1 h5 22. f4 exf4 23. gxf4 Nh7 24. Ndf3 f5 25. e5 dxe5 26. Nxe5 Rfe8 27. Ngf3 axb4 28. axb4 Ra3 29. Bd3 Rea8 30. Rb2 Be8 31. Re1 Rc3 32. Qd2 Rxd3 33. Qxd3 Qd6 34. Qd4 Nhf6 35. h3 Nh6 36. Nd3 Nhg8 37. Rbe2 Bf7 38. Ng5 Kf8 39. Ne6+ Bxe6 40. Rxe6 Qd8 41. Ne5 Ra2+ 42. Kh1 Ne4 43. Nxg6+ Kf7 44. R6xe4 fxe4 45. Qxe4 Qf6 46. Ne5+ Kf8 47. Nd7+ 1-0

[Event "Novokuznetsk-ch op"]
[Site "Novokuznetsk"]
[Date "2010.11.14"]
[Round "1"]
[White "Smotraeva, Valentina"]
[Black "Izmestiev, Ilija"]
[Result "0-1"]
[WhiteElo "1846"]
[BlackElo "2081"]
[PlyCount "64"]
[EventDate "2010.11.14"]
[EventType "swiss"]
[EventRounds "9"]
[EventCountry "RUS"]
[SourceTitle "EXT 2022"]
[Source "ChessBase"]
[SourceDate "2021.10.06"]
[SourceVersion "1"]
[SourceVersionDate "2021.10.06"]
[SourceQuality "1"]

1. e4 Nf6 2. e5 Nd5 3. c4 Nb6 4. d4 d6 5. exd6 cxd6 6. Nf3 g6 7. Be3 Bg7 8. Nbd2 0-0 9. Nb3 Nc6 10. Qd2 Re8 11. d5 Ne5 12. Nxe5 dxe5 13. Rd1 Bf5 14. Be2 Nc8 15. c5 a5 16. a4 Bd7 17. Bb5 Bxb5 18. axb5 a4 19. Nc1 b6 20. c6 Ra5 21. Qc2 Rxb5 22. Qxa4 Rxd5 23. Rxd5 Qxd5 24. c7 b5 25. Qd1 Qxg2 26. Rf1 Nd6 27. Qc2 Rc8 28. Qc5 Qb7 29. Nd3 Rxc7 30. Qb4 Nc4 31. Nc5 Nxe3 32. fxe3 Qd5 0-1

[Event "Novokuznetsk-ch (Women)"]
[Site "Novokuznetsk"]
[Date "2010.09.18"]
[Round "7"]
[White "Smotraeva, Valentina"]
[Black "Vorobyova, Alyona"]
[Result "0-1"]
[WhiteElo "1846"]
[BlackElo "1942"]
[PlyCount "104"]
[EventDate "2010.08.28"]
[EventType "swiss"]
[EventRounds "7"]
[EventCountry "RUS"]
[SourceTitle "EXT 2022"]
[Source "ChessBase"]
[SourceDate "2021.10.06"]
[SourceVersion "1"]
[SourceVersionDate "2021.10.06"]
[SourceQuality "1"]

1. d4 Nf6 2. c4 c5 3. d5 e6 4. Nc3 exd5 5. Nxd5 d6 6. Bg5 Be7 7. Nxe7 Qxe7 8. Nf3 0-0 9. e3 Bg4 10. Be2 Nbd7 11. Qd2 Qe6 12. b3 Ne4 13. Qd5 Qxd5 14. cxd5 Bxf3 15. Be7 Rfe8 16. gxf3 Rxe7 17. fxe4 Rxe4 18. Bf3 Re5 19. h4 Nf6 20. Rd1 Rae8 21. Ke2 Ne4 22. Bxe4 Rxe4 23. Rh3 f5 24. Kf3 Rg4 25. h5 b5 26. Rg3 Rxg3+ 27. Kxg3 Re4 28. Rd3 c4 29. bxc4 Rxc4 30. a3 Kf7 31. f4 a5 32. Kf2 b4 33. axb4 Rxb4 34. Kf3 a4 35. Ra3 Ke7 36. Rc3 Kd7 37. Rc6 a3 38. Ra6 Rb3 39. Ra7+ Kc8 40. Rxg7 Rb7 41. Rg1 Rb4 42. Ra1 Ra4 43. Ke2 Kb7 44. Kd3 Kb6 45. e4 fxe4+ 46. Ke3 Kc5 47. Rd1 a2 48. f5 a1Q 49. Rxa1 Rxa1 50. Kxe4 Re1+ 51. Kf4 Kxd5 52. h6 Rg1 0-1

[Event "Novokuznetsk-ch op"]
[Site "Novokuznetsk"]
[Date "2009.12.06"]
[Round "7"]
[White "Smotraeva, Valentina"]
[Black "Lymischenko, Valeria"]
[Result "0-1"]
[WhiteElo "1857"]
[BlackElo "2009"]
[PlyCount "116"]
[EventDate "2009.11.21"]
[EventType "swiss"]
[EventRounds "9"]
[EventCountry "RUS"]
[SourceTitle "EXT 2011"]
[Source "ChessBase"]
[SourceDate "2010.11.26"]
[SourceVersion "1"]
[SourceVersionDate "2010.11.26"]
[SourceQuality "1"]

1. d4 c5 2. d5 d6 3. e4 Nf6 4. f3 g6 5. c3 Bg7 6. Bd3 0-0 7. Ne2 e6 8. dxe6 Bxe6 9. 0-0 Nc6 10. Na3 Ne5 11. Kh1 Nxd3 12. Qxd3 Qb6 13. Nf4 Rfe8 14. Nd5 Nxd5 15. exd5 Bf5 16. Qd1 Re7 17. Nc4 Qa6 18. Ne3 Bd7 19. Bd2 Rae8 20. Re1 Bh6 21. Qc1 Qd3 22. Qc2 Qxc2 23. Nxc2 Bxd2 24. Rxe7 Rxe7 25. Rd1 Bh6 26. Na3 b5 27. Kg1 Re2 28. c4 Rxb2 29. Nxb5 Bxb5 30. cxb5 Rxb5 31. Re1 Kf8 32. Re2 Rb1+ 33. Kf2 Rd1 34. Rb2 Rxd5 35. Ke2 c4 36. g3 c3 37. Rb8+ Ke7 38. f4 Rd2+ 39. Kf3 Rxa2 40. h4 Bg7 41. Rc8 d5 42. g4 d4 43. Ke4 Kd7 44. Rc4 Kd6 45. h5 Re2+ 46. Kf3 d3 47. h6 Bxh6 48. Rd4+ Kc6 49. Rxd3 Rc2 50. g5 Bg7 51. Rd1 a5 52. Ke3 a4 53. Rd8 Rd2 54. Ra8 Kb5 55. Rb8+ Kc4 56. Rb7 Bd4+ 57. Ke4 c2 58. Rc7+ Bc5 0-1

[Event "Novokuznetsk-ch op"]
[Site "Novokuznetsk"]
[Date "2009.11.29"]
[Round "5"]
[White "Smotraeva, Valentina"]
[Black "Rogov, Igor"]
[Result "0-1"]
[WhiteElo "1857"]
[BlackElo "1980"]
[PlyCount "100"]
[EventDate "2009.11.21"]
[EventType "swiss"]
[EventRounds "9"]
[EventCountry "RUS"]
[SourceTitle "EXT 2011"]
[Source "ChessBase"]
[SourceDate "2010.11.26"]
[SourceVersion "1"]
[SourceVersionDate "2010.11.26"]
[SourceQuality "1"]

1. e4 c5 2. Nf3 Nc6 3. d4 cxd4 4. Nxd4 g6 5. Nc3 Bg7 6. Be3 Nf6 7. Bc4 d6 8. Nxc6 bxc6 9. 0-0 0-0 10. f3 e6 11. Qd2 d5 12. exd5 Nxd5 13. Bxd5 cxd5 14. Rfd1 Qa5 15. Rab1 Rb8 16. Bh6 Rd8 17. Bxg7 Kxg7 18. Qd4+ f6 19. Qa4 Qb6+ 20. Qd4 Bd7 21. Qxb6 Rxb6 22. Rd2 Rc8 23. Ne2 Ra6 24. Ra1 Kf7 25. c3 Rcc6 26. Kf2 Ke7 27. b4 Rc7 28. Rb1 Bb5 29. Rc1 Bc4 30. Rcc2 e5 31. Nc1 Ke6 32. Nd3 Bxd3 33. Rxd3 Ra4 34. Rcd2 Rd7 35. c4 d4 36. a3 Rc7 37. Rc2 Rc6 38. Ke2 Rca6 39. Ra2 Rxb4 40. axb4 Rxa2+ 41. Rd2 Rxd2+ 42. Kxd2 Kd6 43. Kd3 Kc6 44. f4 Kb6 45. g4 g5 46. fxg5 fxg5 47. Ke4 a6 48. Kd5 a5 49. bxa5+ Kxa5 50. Ke4 Kb6 0-1

[Event "Novokuznetsk-ch op"]
[Site "Novokuznetsk"]
[Date "2009.11.28"]
[Round "4"]
[White "Nuzhdov, Vasiliy"]
[Black "Smotraeva, Valentina"]
[Result "1/2-1/2"]
[WhiteElo "2050"]
[BlackElo "1857"]
[PlyCount "84"]
[EventDate "2009.11.21"]
[EventType "swiss"]
[EventRounds "9"]
[EventCountry "RUS"]
[SourceTitle "EXT 2011"]
[Source "ChessBase"]
[SourceDate "2010.11.26"]
[SourceVersion "1"]
[SourceVersionDate "2010.11.26"]
[SourceQuality "1"]

1. c4 e5 2. Nc3 Nf6 3. Nf3 d6 4. e4 c6 5. Be2 Be7 6. 0-0 0-0 7. d3 Bg4 8. Be3 Bxf3 9. Bxf3 c5 10. Ne2 Nc6 11. Ng3 Re8 12. Nf5 Bf8 13. Bg5 h6 14. Bh4 g5 15. Bg3 Ne7 16. Bh5 Nxf5 17. exf5 Nxh5 18. Qxh5 Qf6 19. Qf3 Rab8 20. b3 Be7 21. Qe4 b5 22. Rad1 Rb6 23. f3 b4 24. Rd2 a5 25. Bf2 Ra6 26. g4 a4 27. Re1 axb3 28. axb3 Ra3 29. Rb2 Rea8 30. Ree2 Bf8 31. Kg2 Ra1 32. h3 Qd8 33. Qd5 Qc8 34. h4 Kg7 35. h5 R8a3 36. Qe4 Qa6 37. f6+ Kg8 38. Be3 R1a2 39. Bc1 Rxb2 40. Rxb2 Ra2 41. Qe2 Rxb2 42. Qxb2 Qa8 1/2-1/2

[Event "Novokuznetsk-ch op"]
[Site "Novokuznetsk"]
[Date "2007.11.24"]
[Round "1"]
[White "Smotraeva, Valentina"]
[Black "Izmestiev, Alexey"]
[Result "0-1"]
[WhiteElo "1872"]
[BlackElo "2102"]
[PlyCount "98"]
[EventDate "2007.11.24"]
[EventType "swiss"]
[EventRounds "9"]
[EventCountry "RUS"]
[SourceTitle "EXT 2022"]
[Source "ChessBase"]
[SourceDate "2021.10.06"]
[SourceVersion "1"]
[SourceVersionDate "2021.10.06"]
[SourceQuality "1"]

1. Nf3 d5 2. d4 c6 3. Nc3 Nf6 4. g3 Bf5 5. Bg2 e6 6. 0-0 Nbd7 7. a3 Bd6 8. Nh4 Bg4 9. Qe1 Qb6 10. e3 0-0 11. h3 Bf5 12. Nxf5 exf5 13. b4 a6 14. Qe2 Qc7 15. f4 Nb6 16. g4 Ne4 17. Bxe4 fxe4 18. Qg2 Rae8 19. f5 f6 20. Ne2 Nc4 21. c3 Kf7 22. Nf4 Bxf4 23. Rxf4 Ke7 24. Qg3 Kd8 25. Kg2 Kc8 26. Rf2 Qd7 27. a4 g6 28. Raa2 gxf5 29. Rxf5 Nd6 30. Rh5 f5 31. g5 Rg8 32. Rf2 Re6 33. Kf1 Reg6 34. Qf4 Rf8 35. Ke1 Ne8 36. Ba3 Rf7 37. Rc2 Nc7 38. c4 dxc4 39. Rxc4 Qd5 40. Rc2 Qb3 41. Kd1 Qd3+ 42. Rd2 Qxa3 43. Qe5 Qb3+ 44. Ke1 Re6 45. Qh8+ Re8 46. Rxh7 Rxh8 47. Rxh8+ Kd7 48. g6 Qxe3+ 49. Re2 Qg3+ 0-1